Second Sentence: Works of Charles Dickens Quiz Stats

 Plays Quiz not verified by Sporcle

Challenge
Share
Tweet
Embed
Score 0/15 Timer 06:00
0 Plays Today
% Correct
Great Expectations
92.6%
A Tale of Two Cities
85.2%
David Copperfield
77.8%
Oliver Twist
74.1%
Our Mutual Friend
70.4%
Bleak House
66.7%
Hard Times
63%
A Christmas Carol
63%
% Correct
The Pickwick Papers
55.6%
Little Dorrit
55.6%
The Mystery of Edwin Drood
51.9%
Nicholas Nickleby
40.7%
Barnaby Rudge
40.7%
The Old Curiosity Shop
37%
Dombey and Son
37%

You're not logged in!

Compare scores with friends on all Sporcle quizzes.
Join for Free
OR
Log In

You Might Also Like...

Show Comments

Extras

Top Quizzes Today


Score Distribution

Your Account Isn't Verified!

In order to create a playlist on Sporcle, you need to verify the email address you used during registration. Go to your Sporcle Settings to finish the process.

Report this User

Report this user for behavior that violates our Community Guidelines.

Details: